000 00530nam a2200205Ia 4500
003 OSt
005 20240319095236.0
008 210707s1983 xx 000 0 und d
040 _cAL
041 _aKannada
082 _aK894.3 INAS
100 _aINAMDAR (V M)
_9137904
_dಇನಾಂದಾರ್ (ವಿ ಎಂ)
245 _aShapa
_bಶಾಪ
260 _aBengaluru
_bVishva Kannada Sammelana
_c1983
300 _a274,iv p
365 _b2
_cINR
563 _aPB
650 _aKannada Fiction
_9137905
942 _2ddc
_cBK
999 _c180156
_d180156